Statistics for Countries surrounding Moscow

Click here to take the quiz!

General Stats

  • This quiz has been taken 10 times
  • The average score is 16 of 23

Answer Stats

OceansAnswer% Correct
N/AChina
100%
N/AUkraine
100%
N/ABelarus
90%
N/AEstonia
90%
N/AFinland
90%
N/AJapan
90%
N/ALatvia
90%
Arctic OceanCanada
80%
N/AKazakhstan
80%
N/AMongolia
80%
N/ANorway
80%
Arctic OceanUnited States
80%
N/AAzerbaijan
70%
N/AGeorgia
70%
N/ATurkmenistan
70%
N/AIran
60%
Arctic / Pacific OceanKiribati
40%
Arctic / Pacific OceanNew Zealand
40%
Pacific OceanSamoa
40%
Pacific OceanTonga
40%
Pacific OceanMarshall Islands
30%
Pacific OceanTuvalu
30%
Arctic / Pacific OceanFrance
10%

Score Distribution

Percentile by Number Answered

Percent of People with Each Score

Your Score History

You have not taken this quiz